| 000 | 01051nas a2200313 4500 | ||
|---|---|---|---|
| 001 | BR2019001732 | ||
| 003 | BR-BrBNA | ||
| 005 | 20231205131951.0 | ||
| 007 | ta | ||
| 008 | 230509b bl.|||p| |||| 00| 00por d | ||
| 040 |
_aBR-BrBNA _bpor _cBiblioteca Nacional de Agricultura |
||
| 041 | _a(En) | ||
| 072 | _aJ11 | ||
| 100 | 1 | _aMiguel, A.C.A. | |
| 100 | 1 | _aDurigan, J.F. | |
| 100 | 1 | _aMarques, K.M. | |
| 100 | 1 | _aMorgado, C.M.A. | |
| 100 | 1 | _aFerraudo, A.S. | |
| 245 | 1 | _aPrevention of chilling injury in Ommy Atkins mangoes previously stored at 5 degrees Celsius using heat treatment and radiation UV (UV-C) | |
| 650 | _aMANGA | ||
| 650 | _aARMAZENAMENTO | ||
| 650 | _aTRATAMENTO TÉRMICO | ||
| 650 | _aDANO PELO FRIO | ||
| 650 | _aPRESERVAÇÃO DE ALIMENTO | ||
| 773 | 0 |
_tRevista Brasileira de Fruticultura (Brazil) _xISSN 1806-9967 _g(Jan-Feb 2016), v. 38(1) p. 53-63 _wBR2019001732 |
|
| 856 | 4 | 0 | _uhttp://www.scielo.br/pdf/rbf/v38n1/0100-2945-rbf-38-1-53.pdf |
| 909 |
_a202311 _bLúcia _c55 _dLúcia Elande |
||
| 942 |
_2AGRIS _n0 _cANA |
||
| 999 |
_c257728 _d257728 |
||